000
00300cam a2200121ua 4500
082
_a
821
_b
BYR/SE
100
_a
Byron, .
_9
1922
245
_a
Selected Poems of Byron /
260
_a
London :
_b
Oxford University Press ,
_c
1960.
300
_a
436 ; .
490
0
_a
The World`s Classics,
942
_c
BK
999
_c
5859
_d
5859